000 00950nam a2200301 i 4500
001 000039346
003 DO-SdBNP
005 20250321073606.0
007 ta
008 091118s2002 dr 000 f spa d
020 _a9768156317
040 _aDO-SdBNP
_bspa
_cBNPHU
_erda
082 4 _aRD863.44
_bP426r, 2002
_222
100 1 _aPeralta Romero, Rafael,
_d1948-
_eautor
_979774
245 1 0 _aResiduos de sombra :
_bnovela /
_cRafael Peralta Romero.
250 _a3a. ed.
264 _aSanto Domingo :
_bCocolo,
_c2002.
300 _a165 páginas ;
_c21 cm.
336 _2rdacontent
_atexto
_btxt
337 _2rdamedia
_asin mediación
_bn
338 _2rdacarrier
_avolumen
_bnc
500 _aIncluye datos biográficos del autor en la solapa de la cubierta.
590 _aInventariado, 2020/MFF
650 0 _aNovela dominicana
_9223
650 0 _aLiteratura dominicana.
_967
910 _aValidado. Control de calidad MFF
942 _2ddc
_cLBS1
999 _c38836
_d38836